Códice Vindobonensis Mexicanus I (Record no. 9175)

MARC details
000 -CABECERA
campo de control de longitud fija 01680nam a2200373 a 4500
001 - NÚMERO DE CONTROL
campo de control BRL_362
005 - FECHA Y HORA DE LA ÚLTIMA TRANSACCIÓN
campo de control 20190320210715.0
008 - DATOS DE LONGITUD FIJA--INFORMACIÓN GENERAL
campo de control de longitud fija 050813s1992----mx-a######---#000-0#spa-#
020 ## - NÚMERO INTERNACIONAL ESTÁNDAR DEL LIBRO
Número Internacional Estándar del Libro 9681637100
041 ## - CÓDIGO DE LENGUA
Código de lengua del texto/banda sonora o título independiente spa
044 ## - CÓDIGO DEL PAÍS DE LA ENTIDAD EDITORA/PRODUCTORA
Código MARC del país mx
050 #4 - SIGNATURA TOPOGRÁFICA DE LA BIBLIOTECA DEL CONGRESO
Número de clasificación F1219.56.C636
Número de documento/Ítem .C63 1992
130 0# - ENTRADA PRINCIPAL--TÍTULO UNIFORME
Título uniforme Codex Vindobonensis Mexicanus 1
9 (RLIN) 23661
245 10 - MENCIÓN DE TÍTULO
Título Códice Vindobonensis Mexicanus I
260 ## - PUBLICACIÓN, DISTRIBUCIÓN, ETC.
Lugar de publicación, distribución, etc. Madrid
Nombre del editor, distribuidor, etc. Sociedad Estatal Quinto Centenario
Fecha de publicación, distribución, etc. 1992
260 ## - PUBLICACIÓN, DISTRIBUCIÓN, ETC.
Lugar de publicación, distribución, etc. Austria
Nombre del editor, distribuidor, etc. Akademische Druck- und Verlagsanstalt
Fecha de publicación, distribución, etc. 1992
260 ## - PUBLICACIÓN, DISTRIBUCIÓN, ETC.
Lugar de publicación, distribución, etc. México
Nombre del editor, distribuidor, etc. FCE
Fecha de publicación, distribución, etc. 1992
300 ## - DESCRIPCIÓN FÍSICA
Extensión 258 p.
Otras características físicas il.
Dimensiones 23 cm.
Material acompañante/anejo 1 facsimil ( p. 1-52 y al reverso I-XIII) + 52 + XIII hojas sueltas del facsimil original
440 #0 - MENCIÓN DE SERIE/PUNTO DE ACCESO ADICIONAL--TÍTULO
Título Códices mexicanos
Designación de volumen o secuencia 1
9 (RLIN) 23662
500 ## - NOTA GENERAL
Nota general Incluye láminas con ilustraciones y reproducción del codex
500 ## - NOTA GENERAL
Nota general Au340
500 ## - NOTA GENERAL
Nota general Origen e historia de los reyes mixtecos : libro explicativo del llamado Códice Vindobonensis : Codex Vindobonensis Mexicanus 1, O¨sterreichische Nationalbibliothek, Viena / introducción y explicación, Ferdinand Anders, Maarten Jansen, Gabina Aurora Pérez Jiménez. At head of title: Ferdinand Anders (Viena), Maarten Jansen (Leiden), Luis Reyes García (México), Comisión Técnica Investigadora.
650 14 - PUNTO DE ACCESO ADICIONAL DE MATERIA--TÉRMINO DE MATERIA
Término de materia o nombre geográfico como elemento de entrada Mixtecas
Subdivisión general Reyes y soberanos
9 (RLIN) 23663
650 14 - PUNTO DE ACCESO ADICIONAL DE MATERIA--TÉRMINO DE MATERIA
Término de materia o nombre geográfico como elemento de entrada Mixtecas
Subdivisión general Historia
9 (RLIN) 23664
650 14 - PUNTO DE ACCESO ADICIONAL DE MATERIA--TÉRMINO DE MATERIA
Término de materia o nombre geográfico como elemento de entrada Mixtecas
Subdivisión general Religión
9 (RLIN) 23665
650 14 - PUNTO DE ACCESO ADICIONAL DE MATERIA--TÉRMINO DE MATERIA
Término de materia o nombre geográfico como elemento de entrada Mixtecas
Subdivisión general Escritura
9 (RLIN) 23666
700 1# - PUNTO DE ACCESO ADICIONAL--NOMBRE DE PERSONA
Nombre de persona Jansen, Maarten
9 (RLIN) 23667
700 1# - PUNTO DE ACCESO ADICIONAL--NOMBRE DE PERSONA
Nombre de persona Reyes García, Luis
9 (RLIN) 9836
700 1# - PUNTO DE ACCESO ADICIONAL--NOMBRE DE PERSONA
Nombre de persona Pérez Jiménez, Gabina Aurora
9 (RLIN) 23668
700 1# - PUNTO DE ACCESO ADICIONAL--NOMBRE DE PERSONA
Nombre de persona Anders, Ferdinand
9 (RLIN) 23669
740 0# - PUNTO DE ACCESO ADICIONAL--TÍTULO RELACIONADO O ANALÍTICO NO CONTROLADO
Título relacionado o analítico no controlado Origen e Historia de los Reyes Mixtecos
902 ## - CATALOGADOR
Iniciales GRL
942 ## - ELEMENTOS DE PUNTO DE ACCESO ADICIONAL (KOHA)
Fuente del sistema de clasificación o colocación Library of Congress Classification
Tipo de ítem Koha Libros
Holdings
Estado de retiro Estado de pérdida Estado dañado No para préstamo Localización permanente Ubicación/localización actual Fecha de adquisición Número de inventario Total de préstamos Signatura topográfica completa Código de barras Fecha visto por última vez Precio válido a partir de Tipo de ítem Koha
El ejemplar forma parte de la colección y puede ser consultado según las políticas vigentes.       Biblioteca Centro de Estudios Ruth D. Lechuga Biblioteca Centro de Estudios Ruth D. Lechuga 05/08/2013 Au340   F1219.56.C636 .C63 1992 (Au340) GRL00385 22/03/2019 22/03/2019 Libros